[Event "Voronezh Region-ch"]
[Site "Voronezh"]
[Date "2013.12.03"]
[Round "1"]
[White "Zhileykin, Andrey"]
[Black "Kretov, Evgenij"]
[Result "0-1"]
[WhiteElo "2057"]
[BlackElo "2297"]
[PlyCount "140"]
[EventDate "2013.12.03"]
[EventType "swiss"]
[EventRounds "9"]
[EventCountry "RUS"]
[SourceTitle "CBM 158 Extra"]
[Source "ChessBase"]
[SourceDate "2014.02.28"]
[SourceVersion "1"]
[SourceVersionDate "2014.02.28"]
[SourceQuality "1"]

1. d4 Nf6 2. Nf3 e6 3. g3 d5 4. Bg2 c5 5. 0-0 Nc6 6. dxc5 Bxc5 7. c4 d4 8. e3 dxe3 9. Qxd8+ Kxd8 10. Bxe3 Bxe3 11. fxe3 Ke7 12. Na3 Rd8 13. Rad1 Bd7 14. Nd4 Rac8 15. b3 a6 16. h3 Rc7 17. g4 h6 18. Kf2 Nb4 19. e4 Bc6 20. Nxc6+ Nxc6 21. Rxd8 Kxd8 22. Rd1+ Ke7 23. Nc2 Ne5 24. Ne3 Nfd7 25. Kg3 f6 26. Rd4 Nc5 27. Nd1 Nc6 28. Rd2 Rd7 29. Rxd7+ Kxd7 30. Nc3 Kd6 31. Kf4 g5+ 32. Ke3 Ke5 33. Bf3 Nb4 34. Bd1 Nbd3 35. Be2 Nf4 36. Bf1 a5 37. Kf3 h5 38. gxh5 Nxh5 39. Kg4 Nf4 40. Kf3 Nfd3 41. Ke3 Nb4 42. Be2 Nc2+ 43. Kf2 Kf4 44. Bf3 Nd4 45. Bg2 Nd3+ 46. Kf1 Ke5 47. Nd1 Nc2 48. Kg1 Nce1 49. Bh1 Nc2 50. Kh2 b6 51. Kg3 Kd4 52. Kf3 Ncb4 53. a3 Nc2 54. b4 axb4 55. axb4 Kxc4 56. Ke2 Ndxb4 57. e5 Nd4+ 58. Kd2 f5 59. Bb7 Nbc6 60. Ne3+ Kc5 61. Kc3 Nxe5 62. Bc8 b5 63. Ng2 b4+ 64. Kb2 Nc4+ 65. Kb1 b3 66. h4 gxh4 67. Nxh4 Kb4 68. Bd7 Kc3 69. Bxe6 Na3+ 70. Ka1 b2+ 0-1